Ikusmira 1. Unitate didaktiko orokortuak. Ingurune sozial, natural eta kulturalaren Ezagupenetik abiatuz. 1º L.H. 1 go zikloa. Liburua 3
Guardado en:
| Autor principal: | |
|---|---|
| Formato: | Desconocido |
| Lenguaje: | español |
| Publicado: |
Bilbao
Bruño
1992
|
| Catálogo: | MANES: Resultados de Búsqueda del Catálogo |
| Clasificación de libros de texto: |
|
| Etiquetas: |
Agregar Etiqueta
Sin Etiquetas, Sea el primero en etiquetar este registro!
|
| Añadido a: | 2016-04-26 |
MARC
| LEADER | 000000000a22000000004500 | ||
|---|---|---|---|
| 001 | 03678 | ||
| 003 | OSt | ||
| 008 | 160427s sp ||||| |||| 00| 0 spa d | ||
| 040 | |c centro_manes | ||
| 041 | 1 | |b aq | |
| 691 | 7 | |a PRI | |
| 100 | 1 | |a Batllori Obiols, Roser |9 590 |a Franch Batlle, Joan Mª y otros |9 591 |a Pagès Blanch, Joan |9 592 | |
| 245 | 0 | 0 | |a Ikusmira 1. Unitate didaktiko orokortuak. Ingurune sozial, natural eta kulturalaren Ezagupenetik abiatuz. 1º L.H. 1 go zikloa. Liburua 3 |
| 260 | 3 | |a Bilbao |b Bruño |c 1992 | |
| 300 | |a 192-287 p. |c 29x21 cm | ||
| 500 | |a Ejemplar de muestra. Fecha de publicación tomada del Depósito Legal | ||
| 690 | 7 | |a CN |a GEO | |
| 690 | 0 | |a HI | |
| 942 | |2 ddc |c BK | ||
| 546 | |a España | ||
| 999 | |c 9652 |d 9652 | ||
| 999 | |c manes:9652 |d 9652 | ||